| 000 | 00439cam3a220016900 4500 | ||
|---|---|---|---|
| 001 | tmp15754001 | ||
| 003 | UPRA | ||
| 005 | 20190819085622.0 | ||
| 008 | 951020s1991 xx eng u | ||
| 035 | _a(Sirsi) r42015 | ||
| 035 | _a(UPRA)tmp15754001 | ||
| 040 | _cUPRA | ||
| 245 | 0 | 4 | _aThe Challenges of past-apartheid South Africa. |
| 260 | _c1991. | ||
| 949 |
_aDT8079 _wlcc _i33729002071640 _mMAIN _p2500 _tBOOK _lON-SHELF |
||
| 004 | 42015 | ||
| 999 |
_c95266 _d95266 |
||